Statistics for Countries with the most soccer goals made by top-scorer

Click here to take the quiz!

General Stats

  • This quiz has been taken 61 times
  • The average score is 7 of 15

Answer Stats

Number of goalsTop-scorerCountry% Correct
77PeléBrazil
98%
88Cristiano RonaldoPortugal
94%
71Miroslav KloseGermany
75%
109Ali DaeiIran
75%
80Kunishige KamamotoJapan
63%
70Hossam HassanEgypt
61%
84Ferenc PuskásHungary
47%
70Sunil ChhetriIndia
47%
71Majed AbdullahSaudi Arabia
47%
78Hussein SaeedIraq
43%
71Kiatisuk SenamuangThailand
35%
75Bashar AbdullahKuwait
27%
70Stern JohnTrinidad and Tobago
8%
79Godfrey ChitalaZambia
4%
71Kinnah PhiriMalawi
0%

Score Distribution

Percentile by Number Answered

Percent of People with Each Score

Your Score History

You have not taken this quiz